000
00304nam a22001337a 4500
008
170612b xxu||||| |||| 00| 0 eng d
020
_a
0872201260
041
_a
eng
080
_a
32
100
_a
19
101
_a
SHP
245
_a
CLASSICS OF MORAL AND POLITICAL THEORY
_c
MORGAN,M.K
942
_2
udc
_c
BK
999
_c
16835
_d
16835